Plurivincitori del Treble classico - Statistics

Statistiche generali
  • Questo quiz è stato fatto 11 volte
  • Il punteggio medio è 10 su 13
Statistiche sulle risposte
Nazione Stagioni del treble classico Calciatore % Corretto
Camerun 2008-2009; 2009-2010 Samuel Eto'o
100%
Spagna 2008-2009; 2014-2015 Andrés Iniesta
90%
Austria 2012-2013; 2019-2020 David Alaba
90%
Argentina 2008-2009; 2014-2015 Lionel Messi
90%
Spagna 2008-2009; 2014-2015 Xavi
90%
Spagna 2008-2009; 2014-2015 Gerard Piqué
80%
Germania 2012-2013; 2019-2020 Manuel Neuer
80%
Germania 2012-2013; 2019-2020 Thomas Müller
80%
Brasile 2008-2009; 2014-2015 Dani Alves
70%
Germania 2012-2013; 2019-2020 Jérôme Boateng
60%
Spagna 2008-2009; 2014-2015 Pedro
60%
Spagna 2008-2009; 2014-2015 Sergio Busquets
60%
Spagna 2012-2013; 2019-2020 Javi Martinez
40%
Nessun quiz corrispondente trovato
Distribuzione punteggi
Percentuale di utenti per punteggio
Percentile per numero di risposta
I tuoi punteggi nel tempo
Non hai fatto questo quiz